Palabras para crecer : libro de lectura y actividades para tercer año egb /

Guardado en:
Autor Principal: Berenguer, Maryta
Otros Autores: Klin, Patricia, Arias, Martín, Sverdlick, Graciela, Ostrovsky, Graciela
Formato: Libro
Publicado: Buenos Aires : Grupo cinco editores, 1998.
Materias:
Etiquetas: Agregar Etiqueta
Sin Etiquetas, Sea el primero en etiquetar este registro!
LEADER 01231nam a22002895a 4500
001 CEM.cems012497
005 20070419185449.0
008 130507s1998##################000#0#####d
003 CEMS
020 |a 9879655303 
082 0 4 |a 372.41 
100 1 |a Berenguer, Maryta 
245 1 0 |a Palabras para crecer :  |b libro de lectura y actividades para tercer año egb /  |c Maryta Berenguer ; patricia Klin ; martín Arias ; graciela Sverdlick ; graciela Ostrovsky. 
260 |a Buenos Aires :  |b  Grupo cinco editores,  |c 1998. 
300 |a 190p. 
500 |a Libro de lectura y actividades 3º año Egb. 
505 0 |a Palabras para volar / Maryta Berenguer -- Palabras para comunicarnos / Patricia Klin -- Palabras para conocer / Martín Arias -- Palabras para convivir / Graciela Sverdlick -- Palabras para explorar / Graciela Sverdlick ; Graciela Ostrovsky. 
653 |a Biblioteca maría de los Ángeles saggio 
653 |a Educación 
653 |a Educación primaria 
653 |a Lengua-3º egb 
653 |a Lectoescritura . 
700 1 |a Klin, Patricia 
700 1 |a Arias, Martín 
700 1 |a Sverdlick, Graciela 
700 1 |a Ostrovsky, Graciela 
859 |a CEMS  |b BIB. CEMS - 11 de abril  |h 372.41  |i B425  |p 23790.07  |t Ej.1  |v 3º  |3 3º